| 000 | 00506nam a2200217Ia 4500 | ||
|---|---|---|---|
| 008 | 210210b2005 xxu||||| |||| 00| 0 eng d | ||
| 020 | _a0748620699 | ||
| 041 | _aeng | ||
| 082 | _a305.8 ALIM | ||
| 100 | _aALIA (Valerie) | ||
| 245 | _aMedia and ethnic minorities | ||
| 260 |
_aEdinburgh _bNot Mentioned _c2005 |
||
| 300 | _axi,204 | ||
| 650 | _aminorities | ||
| 650 | _aMedia | ||
| 650 | _aethnic | ||
| 650 | _aand | ||
| 690 | _aSocial Structure | ||
| 700 | _aBULL (Simone) | ||
| 906 | _a062028 | ||
| 999 |
_c116700 _d116700 |
||